000 00557nam a2200229Ia 4500
003 OSt
005 20220928142343.0
006 a|||||r|||| 00| 0
007 ta
008 220927b |||||||| |||| 00| 0 eng d
024 _a19246
037 _cTextual
040 _aSDCL
_cSDCL
_beng
041 _2eng
_aeng
082 _aX:89F, M1
100 _aVause R
_9503323
245 0 _aFinance for managers
260 _c1981
700 _a Woodward N
_9503324
942 _hX:89F, M1
_cTEXL
_2CC
999 _c821448
_d821448